00433nam a2200169Ia 45000010005000000030009000050050017000140080041000310200018000720400013000900820020001031000024001232450060001472600038002073000011002455460007002565011PK-LaUMT20221115115311.0140319s9999 xx 000 0 und d a0-7494-1912-1 cPK-LaUMT a 658.409bEAL-H aEales-White, Rupert aHow to be a better.... teambuildercEales-White, Rupert aNew York,USA:bMcGraw-Hill,c1996 a128 p. aEN